|
|
|
|
| LEADER |
00000nam a2200000 a 4500 |
| 001 |
vtls001394069 |
| 003 |
SK-MaSNL |
| 005 |
20260301161700.0 |
| 008 |
240315s1999 YU aa r y slo |
| 015 |
|
|
|a SNBZSA2000-00257
|
| 020 |
|
|
|a 8617072407
|
| 035 |
|
|
|a SNK000348388
|
| 035 |
|
|
|a urn:nbn:sk:snk-amltsl
|
| 035 |
|
|
|a urn:nbn:sk:snk-am00ccy7
|
| 035 |
|
|
|a E9B435B3-BA33-4DA9-92CC-BED214149683
|
| 040 |
|
|
|a SNK
|b slo
|c SNK
|e AACR2
|
| 041 |
0 |
|
|a slo
|
| 044 |
|
|
|a YU
|
| 080 |
|
|
|a 372.862(075.2)
|2 1981
|
| 100 |
1 |
|
|a Popov, Slobodan
|4 aut
|9 317009
|
| 245 |
1 |
|
|a Technické vzdelávanie pre 5. ročník základnej školy
|c Slobodan Popov, Danilo Gačić
|
| 250 |
|
|
|a 2. vyd.
|
| 260 |
|
|
|a Beograd
|b Zavod za udžbenike i nastavna sredstva
|c 1999
|
| 300 |
|
|
|a 87 s.
|b fotogr., ilustr., obr.
|c 28 cm
|
| 500 |
|
|
|a Súbež. tir. srb.
|
| 500 |
|
|
|a Vydav. údaje srb. v azbuke
|
| 500 |
|
|
|a 600 výt.
|
| 500 |
|
|
|a Prel. Františka Častvenová ; ilustr. Mirko Stojnić, János Palkovics
|
| 504 |
|
|
|a Bibliogr.
|
| 650 |
0 |
7 |
|a výchova technická
|x učebnice zákl. škôl (5. roč.)
|z Srbsko
|2 SNK
|9 525049
|
| 655 |
|
7 |
|a učebnice
|2 SNK
|9 22521
|
| 700 |
1 |
|
|a Gačić, Danilo
|4 aut
|9 525050
|
| 700 |
1 |
|
|a Častvenová, Františka
|4 trl
|9 390646
|
| 700 |
1 |
|
|a Palković, János
|4 ill
|9 525051
|
| 700 |
1 |
|
|a Stojnić, Mirko
|4 ill
|9 520388
|
| 919 |
|
|
|a 86-17-07240-7
|
| 958 |
|
|
|a ZS
|
| 958 |
|
|
|a TL
|
| 958 |
|
|
|a UX
|
| 958 |
|
|
|a OP
|
| 958 |
|
|
|a YU
|
| 958 |
|
|
|a NB
|
| 999 |
|
|
|c 810427
|d 812357
|
| 952 |
|
|
|t P60, <03>, [BOOK], {603}
|a SNK
|b SNK
|y PREZ
|7 0
|p 17A0244710
|o snkSB 62160
|i snkV 1290/2000
|0 0
|1 0
|4 0
|d 2000-08-15
|f 1
|l 0
|r 2025-04-11 00:00:00
|w 2026-02-24
|